The Ultimate Titanic Quiz 🎬 - Statistics

General Stats
  • This quiz has been taken 170 times
  • The average score is 8 of 30
Answer Stats
Hint Answer % Correct
In what year did the Titanic sink? 1912
94%
Who directed the Titanic movie? James Cameron
78%
Who directed the 1997 Titanic movie? James Cameron
78%
Who was the female lead in the movie “Titanic”? Kate Winslet
77%
What was the full name of the Titanic? RMS Titanic
74%
What was the name of the character that Leonardo Dicaprio played? Jack Dawson
67%
Where was the Titanic heading before it sank? New York
55%
What was the full name of the character that Kate Winslet played in the Titanic movie? Rose DeWitt Bukater
40%
What was the name of the company that owned the Titanic? White Star Line
40%
How many lifeboats were on the Titanic? 20
39%
How many Oscars did the Titanic movie win? 11
33%
Who played the old Rose in the movie? Gloria Stuart
17%
What day did the Titanic hit the Iceberg and sink? 14 April
16%
How long did it take for the rescue ship Carpathia to arrive on the scene? 4 hours
15%
What was the name of the Titanic’s captain? Edward Smith
15%
What is the name of the actress who played the Unsinkable Molly Brown in the 1997 movie Titanic? Kathy Bates
12%
What was the name of the ship that was supposed to be the Titanic’s sister ship? The Britannic
12%
How long did it take for the Titanic to sink after hitting the iceberg? 2 hours and 40 minutes
9%
How many people survived the sinking of the Titanic? 710
6%
Who wrote the song “My Heart Will Go On” for the Titanic movie? James Horner
6%
In what ocean did the Titanic sink? North Atlantic Ocean
6%
When was the Titanic wreck found? September 1, 1985
6%
When do Cunard ships raise the White Star flag to remember the Titanic’s sinking? 15 April
5%
How many people were on board the Titanic when it sank? 2,224
5%
How much did the Titanic movie cost to make? 200 million
3%
How many first-class passengers were on the Titanic? 324
3%
How many crew members died on the Titanic? 688
2%
What was the estimated cost to build the Titanic? 7.5 million
2%
What was the estimated value of the Titanic’s cargo when it sank? 420,000
1%
What was the name of the iceberg that the Titanic hit? No name
1%
No matching quizzes found
Score Distribution
Percent of People with Each Score
Percentile by Number Answered
Your Score History
You have not taken this quiz